[Event "Titled Tuesday intern op 30th Apr Early"]
[Site "Chess.com INT"]
[Date "2024.04.30"]
[Round "3"]
[White "Umarov, Sabir"]
[Black "Voege, Tobias"]
[Result "1/2-1/2"]
[WhiteElo "2364"]
[BlackElo "2291"]
[PlyCount "141"]
[EventDate "2024.04.30"]
[EventType "swiss (blitz)"]
[EventRounds "11"]
[EventCountry "USA"]
[SourceTitle "CB19_2024"]
[SourceDate "2024.05.08"]
[SourceVersion "1"]
[SourceVersionDate "2024.05.08"]
[SourceQuality "1"]

1. e4 e6 2. d4 d5 3. Bd3 dxe4 4. Bxe4 Nf6 5. Bf3 c5 6. Ne2 Be7 7. 0-0 0-0 8. c3 Nc6 9. dxc5 Ne5 10. Nd4 Nxf3+ 11. Qxf3 Bxc5 12. Rd1 Qb6 13. Nb3 e5 14. Nxc5 Bg4 15. Nd7 Bxf3 16. Nxb6 Bxd1 17. Nxa8 Rxa8 18. Be3 Nd5 19. Nd2 Nxe3 20. fxe3 Bc2 21. Rc1 Bd3 22. e4 Rd8 23. Kf2 f6 24. Ke3 Bb5 25. c4 Bc6 26. Nb3 b6 27. c5 Bb5 28. cxb6 Rd3+ 29. Kf2 axb6 30. Rc8+ Kf7 31. Rb8 Rd6 32. Nc1 Rc6 33. Nb3 Bd3 34. Ke3 Bb1 35. a3 Rd6 36. Nd2 g5 37. Nc4 Rd3+ 38. Ke2 Rd4 39. Nxb6 Bxe4 40. g3 f5 41. b4 Rd3 42. a4 Rb3 43. b5 Rb2+ 44. Kd1 f4 45. Nc4 Rb1+ 46. Kd2 Ke6 47. gxf4 exf4 48. a5 Rb4 49. Kc3 Rb1 50. a6 Bd5 51. Kd4 Rb4 52. Rb6+ Kf5 53. Kxd5 f3 54. Rb8 Kg4 55. Rf8 Ra4 56. Ne5+ Kh3 57. Nxf3 g4 58. Ng5+ Kxh2 59. Nxh7 g3 60. Ng5 g2 61. Nf3+ Kg3 62. Rg8+ Kxf3 63. Rxg2 Kxg2 64. Kc6 Kf3 65. Kb7 Ke4 66. b6 Kd5 67. a7 Kc5 68. Kc7 Ra6 69. b7 Rxa7 70. Kc8 Rxb7 71. Kxb7 1/2-1/2

[Event "Titled Tuesday intern op 16th Apr Early"]
[Site "Chess.com INT"]
[Date "2024.04.16"]
[Round "6"]
[White "Begunov, Konstantin"]
[Black "Umarov, Sabir"]
[Result "1-0"]
[WhiteElo "2325"]
[BlackElo "2364"]
[PlyCount "23"]
[EventDate "2024.04.16"]
[EventType "swiss (blitz)"]
[EventRounds "11"]
[EventCountry "USA"]
[SourceTitle "CB17_2024"]
[SourceDate "2024.04.24"]
[SourceVersion "1"]
[SourceVersionDate "2024.04.24"]
[SourceQuality "1"]

1. d4 c6 2. c4 d6 3. Nc3 g6 4. e4 Bg7 5. Be3 a6 6. Qd2 b5 7. b3 b4 8. Na4 c5 9. 0-0-0 cxd4 10. Bxd4 Nf6 11. Nb6 Nc6 12. Bxf6 1-0

[Event "Titled Tuesday intern op 16th Apr Early"]
[Site "Chess.com INT"]
[Date "2024.04.16"]
[Round "2"]
[White "Estrada Nieto, Julian"]
[Black "Umarov, Sabir"]
[Result "1-0"]
[WhiteElo "2195"]
[BlackElo "2364"]
[PlyCount "61"]
[EventDate "2024.04.16"]
[EventType "swiss (blitz)"]
[EventRounds "11"]
[EventCountry "USA"]
[SourceTitle "CB17_2024"]
[SourceDate "2024.04.24"]
[SourceVersion "1"]
[SourceVersionDate "2024.04.24"]
[SourceQuality "1"]

1. e4 c6 2. d4 d5 3. exd5 cxd5 4. Bd3 Nf6 5. c3 g5 6. Bxg5 Rg8 7. Bxf6 exf6 8. Ne2 Nc6 9. Ng3 Be6 10. Nd2 Qb6 11. Qb3 Qc7 12. 0-0 0-0-0 13. Nf3 Bd6 14. Rac1 Kb8 15. Rfe1 h5 16. Nf5 Bf4 17. Rc2 Na5 18. Qa4 Bd7 19. Qa3 Nc4 20. Qe7 Rde8 21. Qxf6 Bxh2+ 22. Kf1 Rxe1+ 23. Nxe1 Rg6 24. Qh8+ Bc8 25. Qxh5 Bd6 26. Nxd6 Nxd6 27. Bxg6 fxg6 28. Qxg6 Bf5 29. Qg8+ Nc8 30. Re2 Qh2 31. Qg3+ 1-0

[Event "Titled Tuesday intern op 16th Apr Early"]
[Site "Chess.com INT"]
[Date "2024.04.16"]
[Round "3"]
[White "Umarov, Sabir"]
[Black "Azali, Tannaz"]
[Result "1-0"]
[WhiteElo "2364"]
[BlackElo "2101"]
[PlyCount "197"]
[EventDate "2024.04.16"]
[EventType "swiss (blitz)"]
[EventRounds "11"]
[EventCountry "USA"]
[SourceTitle "CB17_2024"]
[SourceDate "2024.04.24"]
[SourceVersion "1"]
[SourceVersionDate "2024.04.24"]
[SourceQuality "1"]

1. e4 c5 2. Nf3 e6 3. d3 Nc6 4. g3 d5 5. Nbd2 Nf6 6. Bg2 Be7 7. 0-0 0-0 8. c3 Qc7 9. Re1 b5 10. h3 a5 11. g4 b4 12. Nf1 a4 13. Ng3 a3 14. g5 Ne8 15. c4 dxc4 16. dxc4 axb2 17. Bxb2 Ba6 18. Qc2 Rd8 19. e5 Nd4 20. Nxd4 cxd4 21. Ne4 Qxc4 22. Qxc4 Bxc4 23. Red1 d3 24. f4 Nc7 25. Rac1 Nd5 26. Rxc4 Ne3 27. Rcc1 Nxd1 28. Rxd1 Rd7 29. Kf2 Ra8 30. Nf6+ gxf6 31. Bxa8 fxg5 32. fxg5 Bxg5 33. Rg1 h6 34. h4 Ra7 35. hxg5 Rxa8 36. gxh6+ Kh7 37. Ra1 Rc8 38. Ke3 Rc2 39. Bd4 d2 40. Rd1 Rxa2 41. Rxd2 Ra3+ 42. Rd3 Ra5 43. Rb3 Rb5 44. Kd3 Kxh6 45. Kc4 Rb7 46. Rxb4 Rc7+ 47. Kd3 Kg6 48. Ra4 Kf5 49. Ra1 Rb7 50. Rf1+ Kg6 51. Rf6+ Kg7 52. Ke4 Rb4 53. Rf3 Kg6 54. Rg3+ Kh7 55. Rg4 Ra4 56. Kf3 Ra3+ 57. Kf4 Ra4 58. Ke4 Rb4 59. Rg1 Ra4 60. Kd3 Ra3+ 61. Kc4 Ra5 62. Bc5 Kh6 63. Be3+ Kh7 64. Kd4 Ra4+ 65. Kd3 Rb4 66. Bg5 Kg6 67. Bf6+ Kf5 68. Rg7 Rb3+ 69. Kc4 Rb7 70. Kc5 Ra7 71. Kd6 Rb7 72. Kc6 Ra7 73. Rg8 Ke4 74. Rd8 Kf5 75. Rd7 Ra6+ 76. Kb5 Ra1 77. Rxf7 Rd1 78. Kc4 Rc1+ 79. Kd3 Rd1+ 80. Ke2 Rd5 81. Rh7 Ke4 82. Rh4+ Kf5 83. Rh2 Ra5 84. Rf2+ Ke4 85. Kf1 Ra1+ 86. Kg2 Ke3 87. Kg3 Rg1+ 88. Rg2 Rb1 89. Kg4 Rb4+ 90. Kg5 Rb6 91. Kg6 Ke4 92. Kf7 Kd5 93. Rd2+ Ke4 94. Rd6 Rb7+ 95. Kxe6 Rh7 96. Rd7 Rh6 97. Kf7 Rh7+ 98. Bg7 Kf5 99. e6 1-0

[Event "Titled Tuesday intern op 19th Dec Early"]
[Site "Chess.com INT"]
[Date "2023.12.19"]
[Round "1"]
[White "Ambartsumova, Karina"]
[Black "Umarov, Sabir"]
[Result "1-0"]
[WhiteElo "2418"]
[BlackElo "2364"]
[PlyCount "57"]
[EventDate "2023.12.19"]
[EventType "swiss (blitz)"]
[EventRounds "11"]
[EventCountry "USA"]
[SourceTitle "CB52_2023"]
[SourceDate "2023.12.27"]
[SourceVersion "1"]
[SourceVersionDate "2023.12.27"]
[SourceQuality "1"]

1. d4 c6 2. c4 g6 3. e4 Bg7 4. Nc3 d6 5. Nf3 Bg4 6. Be2 Qb6 7. d5 Bxc3+ 8. bxc3 Nf6 9. Qc2 Nbd7 10. 0-0 Rc8 11. Be3 Qa5 12. Bd4 Bxf3 13. Bxf3 Ne5 14. Be2 cxd5 15. cxd5 0-0 16. f4 Nc4 17. Rad1 b5 18. Bf3 e5 19. dxe6 fxe6 20. e5 dxe5 21. fxe5 Nd5 22. Bg4 Qa6 23. Qd3 Nb2 24. Qh3 Nxd1 25. Bxe6+ Kg7 26. Bxd5 Rxf1+ 27. Kxf1 b4+ 28. Ke1 Rf8 29. e6+ 1-0

[Event "Titled Tuesday intern op 12th Dec Early"]
[Site "Chess.com INT"]
[Date "2023.12.12"]
[Round "4"]
[White "Dyulgerov, Volen"]
[Black "Umarov, Sabir"]
[Result "1-0"]
[WhiteElo "2200"]
[BlackElo "2364"]
[PlyCount "31"]
[EventDate "2023.12.12"]
[EventType "swiss (blitz)"]
[EventRounds "11"]
[EventCountry "USA"]
[SourceTitle "CB51_2023"]
[SourceDate "2023.12.20"]
[SourceVersion "1"]
[SourceVersionDate "2023.12.20"]
[SourceQuality "1"]

1. e4 c6 2. d4 d5 3. Nd2 g6 4. h4 dxe4 5. Nxe4 Bg7 6. c3 h5 7. Ng5 Nf6 8. N1f3 Bg4 9. Qb3 0-0 10. Ne5 e6 11. Qxb7 Nbd7 12. Nxc6 Qe8 13. Bb5 e5 14. 0-0 exd4 15. Bf4 Qe4 16. Nxe4 1-0

[Event "Titled Tuesday intern op 14th Nov Early"]
[Site "Chess.com INT"]
[Date "2023.11.14"]
[Round "3"]
[White "Babayeva, Nasrin"]
[Black "Umarov, Sabir"]
[Result "0-1"]
[WhiteElo "1889"]
[BlackElo "2364"]
[PlyCount "84"]
[EventDate "2023.11.14"]
[EventType "swiss (blitz)"]
[EventRounds "11"]
[EventCountry "USA"]
[SourceTitle "CB47_2023"]
[SourceDate "2023.11.22"]
[SourceVersion "1"]
[SourceVersionDate "2023.11.22"]
[SourceQuality "1"]

1. c4 g6 2. g3 Bg7 3. Bg2 c6 4. Nf3 d6 5. 0-0 f5 6. Nc3 Nf6 7. b3 0-0 8. Bb2 e5 9. d4 e4 10. Ng5 h6 11. Nh3 g5 12. f3 d5 13. cxd5 cxd5 14. fxe4 fxe4 15. Nf2 Nc6 16. Na4 b6 17. Qc2 Bd7 18. Nd1 Rc8 19. Qd2 Qe7 20. Ne3 Ng4 21. Nxd5 Qd6 22. Bxe4 Rce8 23. Bf3 Be6 24. e4 Qd7 25. Rac1 Bxd5 26. exd5 Ne7 27. Nc3 Nf6 28. Ba3 Rf7 29. Rce1 Rd8 30. d6 Nf5 31. Nd5 Nxd6 32. Nxf6+ Rxf6 33. Bd5+ Kh8 34. Rxf6 Bxf6 35. Be6 Qg7 36. d5 Bd4+ 37. Kg2 Bc5 38. Bxc5 bxc5 39. Qc2 Rf8 40. Qxc5 Qb2+ 41. Kg1 Rf6 42. Qxa7 Ne4 0-1

[Event "Titled Tuesday intern op 14th Nov Early"]
[Site "Chess.com INT"]
[Date "2023.11.14"]
[Round "4"]
[White "Umarov, Sabir"]
[Black "Keleberda, Timur"]
[Result "1-0"]
[WhiteElo "2364"]
[BlackElo "2224"]
[PlyCount "103"]
[EventDate "2023.11.14"]
[EventType "swiss (blitz)"]
[EventRounds "11"]
[EventCountry "USA"]
[SourceTitle "CB47_2023"]
[SourceDate "2023.11.22"]
[SourceVersion "1"]
[SourceVersionDate "2023.11.22"]
[SourceQuality "1"]

1. e4 b6 2. d4 e6 3. Bd3 Bb7 4. Ne2 c5 5. c3 d6 6. 0-0 Nd7 7. f4 Ngf6 8. e5 Ne4 9. Nd2 Nxd2 10. Bxd2 g6 11. Be3 a6 12. a4 h5 13. b4 cxb4 14. cxb4 dxe5 15. fxe5 Bxb4 16. Nf4 0-0 17. Nxh5 Qh4 18. Nf4 Rad8 19. Qb3 a5 20. Nxe6 Qg4 21. Nf4 g5 22. Be2 Qf5 23. Nh5 Qg6 24. Nf6+ Nxf6 25. Rxf6 Qg7 26. Rf5 Be4 27. Rxg5 Bg6 28. Bd3 Be7 29. Rg4 Rc8 30. Rxg6 Qxg6 31. Bxg6 Rc6 32. Be4 Rc7 33. Qd1 Rfc8 34. Qg4+ Kf8 35. Bh6+ Ke8 36. Bf5 Bf8 37. Qg8 Ke7 38. Bg5+ Ke8 39. e6 Rb8 40. exf7+ Rxf7 41. Bg6 Rbb7 42. Rf1 Kd7 43. Rxf7+ Kd6 44. Rxb7 Kc6 45. Qxf8 Kxb7 46. Qe7+ Ka6 47. Bd3+ b5 48. Bxb5+ Kb6 49. Qd6+ Kb7 50. Qc6+ Ka7 51. Qc7+ Ka8 52. Bc6# 1-0

[Event "Titled Tuesday intern op 12th Sep Early"]
[Site "Chess.com INT"]
[Date "2023.09.12"]
[Round "4"]
[White "Matthiesen, Martin"]
[Black "Umarov, Sabir"]
[Result "1-0"]
[WhiteElo "2282"]
[BlackElo "2364"]
[PlyCount "95"]
[EventDate "2023.09.12"]
[EventType "swiss (blitz)"]
[EventRounds "11"]
[EventCountry "USA"]
[SourceTitle "EXT 2024"]
[Source "ChessBase"]
[SourceDate "2023.10.10"]
[SourceVersion "1"]
[SourceVersionDate "2023.10.10"]
[SourceQuality "1"]

1. d4 g6 2. e4 Bg7 3. Nf3 c6 4. Nc3 d5 5. h3 Nf6 6. e5 Nfd7 7. h4 f6 8. h5 fxe5 9. dxe5 Nxe5 10. Nxe5 Bxe5 11. hxg6 hxg6 12. Rxh8+ Bxh8 13. Bd3 Qd6 14. Qe2 Nd7 15. Bg5 Ne5 16. 0-0-0 Nxd3+ 17. Rxd3 Bf5 18. Re3 e5 19. Bf4 0-0-0 20. Bxe5 Bxe5 21. Rxe5 Rh8 22. Re8+ Rxe8 23. Qxe8+ Kc7 24. Ne2 Qc5 25. c3 Qxf2 26. Qe7+ Bd7 27. Qe5+ Kb6 28. g3 Bf5 29. Kd2 a5 30. a3 a4 31. Qe7 Qc5 32. Qe5 Qb5 33. Kc1 Qb3 34. Nd4 Qc4 35. Nxf5 gxf5 36. Qxf5 Qe2 37. Qf4 Ka6 38. g4 Qe1+ 39. Kc2 Qe2+ 40. Kc1 Qe1+ 41. Kc2 Qe2+ 42. Kb1 Qe1+ 43. Ka2 Qg1 44. Qxa4+ Kb6 45. Qd4+ Qxd4 46. cxd4 Kb5 47. g5 c5 48. g6 1-0

[Event "Titled Tuesday intern op 05th Sep Early"]
[Site "Chess.com INT"]
[Date "2023.09.05"]
[Round "8"]
[White "Umarov, Sabir"]
[Black "Toman, Ondrej"]
[Result "0-1"]
[WhiteElo "2364"]
[BlackElo "2283"]
[PlyCount "108"]
[EventDate "2023.09.05"]
[EventType "swiss (blitz)"]
[EventRounds "11"]
[EventCountry "USA"]
[SourceTitle "EXT 2024"]
[Source "ChessBase"]
[SourceDate "2023.10.10"]
[SourceVersion "1"]
[SourceVersionDate "2023.10.10"]
[SourceQuality "1"]

1. e4 c6 2. d4 d5 3. Bd3 dxe4 4. Bxe4 Nf6 5. Bf3 Bf5 6. Ne2 e6 7. 0-0 Bd6 8. Nd2 0-0 9. Nc4 Bc7 10. Bg5 h6 11. Bf4 Nd5 12. Bg3 Qe7 13. c3 Rd8 14. Qb3 Bxg3 15. Nxg3 Bd3 16. Rfe1 Nd7 17. Rad1 Bxc4 18. Qxc4 N7f6 19. h3 Qc7 20. Qb3 a5 21. Qc2 Rac8 22. Ne4 Nxe4 23. Bxe4 Nf6 24. Bf3 Qf4 25. Re5 b6 26. Qe2 Nd7 27. Re4 Qf6 28. c4 c5 29. d5 exd5 30. Rxd5 Nf8 31. Rxd8 Rxd8 32. Re8 Rxe8 33. Qxe8 Qxb2 34. Bd5 Qc1+ 35. Kh2 Qf4+ 36. Kg1 Qf6 37. a4 g5 38. g3 Kg7 39. Kg2 h5 40. Qc8 Ng6 41. Qc7 h4 42. Qb8 hxg3 43. fxg3 Qb2+ 44. Kf3 Ne5+ 45. Ke4 Qd4+ 46. Kf5 Ng6 47. Kxg5 Qe3+ 48. Kh5 Qe2+ 49. Kg5 Qe3+ 50. Kh5 Ne5 51. Qd6 Qe2+ 52. g4 Qe3 53. Kh4 Ng6+ 54. Kh5 Qh6# 0-1

[Event "Titled Tuesday intern op 09th May Early"]
[Site "Chess.com INT"]
[Date "2023.05.09"]
[Round "4"]
[White "Umarov, Sabir"]
[Black "Lehtosaari, Mauri"]
[Result "0-1"]
[WhiteElo "2364"]
[BlackElo "2176"]
[PlyCount "108"]
[EventDate "2023.05.09"]
[EventType "swiss (blitz)"]
[EventRounds "11"]
[EventCountry "USA"]
[SourceTitle "CBM 214 Extra"]
[Source "ChessBase"]
[SourceDate "2023.07.31"]
[SourceVersion "1"]
[SourceVersionDate "2023.07.31"]
[SourceQuality "1"]

1. e4 d5 2. exd5 Qxd5 3. Nc3 Qd8 4. Nf3 Nf6 5. Bc4 a6 6. a4 Nc6 7. h3 Bf5 8. 0-0 e6 9. Re1 Be7 10. d3 0-0 11. Bf4 h6 12. Bh2 Nb4 13. Ne2 c6 14. a5 Bh7 15. Nf4 Nbd5 16. c3 Nxf4 17. Bxf4 Nd5 18. Bg3 Bd6 19. Ne5 Bc7 20. d4 Bxa5 21. Qh5 Bc7 22. h4 Nf6 23. Qf3 Rc8 24. b4 Bf5 25. Bf4 Nd5 26. Bg3 Bd6 27. Bd3 Bxd3 28. Qxd3 Be7 29. h5 Nf6 30. Qf3 Bd6 31. Bh4 Be7 32. g4 Nd5 33. Bg3 Bg5 34. Kg2 Qf6 35. Qd3 Nf4+ 36. Bxf4 Qxf4 37. Re4 Qf6 38. f4 Bh4 39. Kh3 Rfd8 40. Rg1 Qe7 41. g5 hxg5 42. fxg5 Bxg5 43. Rh4 Bxh4 44. Qe4 f5 45. Qxh4 Qxh4+ 46. Kxh4 b6 47. h6 Rc7 48. hxg7 Rxg7 49. Rxg7+ Kxg7 50. Nxc6 Rc8 51. d5 exd5 52. Nd4 Rc4 53. Kg5 Rxd4 54. cxd4 a5 0-1

[Event "Titled Tuesday intern op 27th Sep Early"]
[Site "Chess.com INT"]
[Date "2022.09.27"]
[Round "2"]
[White "Garv, Gaur"]
[Black "Umarov, Sabir"]
[Result "0-1"]
[WhiteElo "2060"]
[BlackElo "2364"]
[PlyCount "76"]
[EventDate "2022.09.27"]
[EventType "swiss (blitz)"]
[EventRounds "11"]
[EventCountry "USA"]
[SourceTitle "CBM 210 Extra"]
[Source "ChessBase"]
[SourceDate "2022.11.30"]
[SourceVersion "1"]
[SourceVersionDate "2022.11.30"]
[SourceQuality "1"]

1. d4 g6 2. Nf3 Bg7 3. c4 c6 4. g3 d6 5. Bg2 f5 6. 0-0 Nf6 7. Nc3 0-0 8. Bf4 Qe8 9. Qb3 h6 10. h4 Kh7 11. Rfe1 Nh5 12. Bd2 e5 13. dxe5 dxe5 14. e3 Nd7 15. Qc2 e4 16. Nd4 Ne5 17. b3 Nd3 18. Red1 Qe5 19. Nce2 g5 20. hxg5 hxg5 21. Bc3 Qe7 22. Rxd3 exd3 23. Qxd3 Kg8 24. Rd1 Bd7 25. Nf3 Rad8 26. Bxg7 Nxg7 27. Qc2 Bc8 28. Re1 c5 29. Nc3 Be6 30. e4 f4 31. Nd5 Bxd5 32. exd5 Qf6 33. Nd2 fxg3 34. f3 Qd4+ 35. Kh1 Qh4+ 36. Kg1 Qd4+ 37. Kh1 Rd6 38. Bh3 Rh6 0-1

[Event "Titled Tuesday intern op 27th Sep Early"]
[Site "Chess.com INT"]
[Date "2022.09.27"]
[Round "6"]
[White "Karavade, Eesha"]
[Black "Umarov, Sabir"]
[Result "0-1"]
[WhiteElo "2336"]
[BlackElo "2364"]
[PlyCount "146"]
[EventDate "2022.09.27"]
[EventType "swiss (blitz)"]
[EventRounds "11"]
[EventCountry "USA"]
[SourceTitle "CBM 210 Extra"]
[Source "ChessBase"]
[SourceDate "2022.11.30"]
[SourceVersion "1"]
[SourceVersionDate "2022.11.30"]
[SourceQuality "1"]

1. Nf3 g6 2. g3 Bg7 3. d4 f5 4. c4 Nf6 5. Nc3 0-0 6. Bg2 c6 7. 0-0 d6 8. Re1 h6 9. Qc2 Qe8 10. e4 fxe4 11. Nxe4 Qf7 12. Nxf6+ exf6 13. Bf4 Rd8 14. c5 d5 15. Nh4 g5 16. Bxb8 Rxb8 17. Nf5 Bf8 18. Re2 Qh7 19. Ne7+ Bxe7 20. Qxh7+ Kxh7 21. Rxe7+ Kg6 22. Rae1 b6 23. b4 bxc5 24. bxc5 Rb4 25. Rd1 a5 26. Rc7 Bg4 27. f3 Bd7 28. Rd2 a4 29. Bf1 a3 30. Ra7 Rb2 31. Rxb2 axb2 32. Rb7 Bf5 33. Rxb2 g4 34. Kf2 gxf3 35. Kxf3 Ra8 36. Be2 Ra3+ 37. Kf2 Be4 38. h4 f5 39. Rd2 f4 40. gxf4 Kf5 41. Bd1 Kxf4 42. Bb3 Ra7 43. Ke1 Rg7 44. Rf2+ Ke3 45. Re2+ Kxd4 46. Kd2 Kxc5 47. Ke3 Rg3+ 48. Kf4 Rh3 49. Kg4 Bf3+ 50. Kxh3 Bxe2 51. Kg3 Kd4 52. Kf4 Bc4 53. Bd1 Bxa2 54. Kf5 Bb1+ 55. Kf6 Ke3 56. Kg7 d4 57. Kxh6 d3 58. Kg7 Bc2 59. Bg4 d2 60. h5 d1Q 61. Bxd1 Bxd1 62. h6 Bc2 63. Kf6 c5 64. Ke5 c4 65. Kd5 c3 66. Kc4 Kd2 67. Kd4 Bh7 68. Kc4 c2 69. Kd4 c1Q 70. Ke5 Qc3+ 71. Ke6 Qe3+ 72. Kf7 Qxh6 73. Ke7 Qg6 0-1

[Event "Titled Tuesday intern op 27th Sep Early"]
[Site "Chess.com INT"]
[Date "2022.09.27"]
[Round "3"]
[White "Umarov, Sabir"]
[Black "Odegov, Artem"]
[Result "0-1"]
[WhiteElo "2364"]
[BlackElo "2286"]
[PlyCount "98"]
[EventDate "2022.09.27"]
[EventType "swiss (blitz)"]
[EventRounds "11"]
[EventCountry "USA"]
[SourceTitle "CBM 210 Extra"]
[Source "ChessBase"]
[SourceDate "2022.11.30"]
[SourceVersion "1"]
[SourceVersionDate "2022.11.30"]
[SourceQuality "1"]

1. e4 e6 2. e5 d5 3. exd6 Bxd6 4. d4 Nf6 5. Nf3 0-0 6. Bd3 b6 7. 0-0 Bb7 8. Nbd2 Nbd7 9. Nc4 Be7 10. c3 c5 11. Re1 Qc7 12. Nce5 cxd4 13. Nxd7 Qxd7 14. Nxd4 Rfd8 15. Qe2 Bc5 16. Bb5 Qd5 17. Nf3 Ng4 18. Rf1 Qh5 19. Bf4 Rd5 20. h3 Nxf2 21. Rxf2 Bxf2+ 22. Kxf2 Rxb5 23. g4 Qd5 24. c4 Qc5+ 25. Be3 Bxf3 26. Bxc5 Bxe2 27. cxb5 Bxb5 28. Bd4 Rc8 29. Bc3 f6 30. Rd1 Kf7 31. Ke3 e5 32. a3 Ke6 33. Rd2 a5 34. Rf2 Rd8 35. Rd2 Rxd2 36. Bxd2 g6 37. Kf3 Bc6+ 38. Ke3 a4 39. Bc3 b5 40. Bb4 f5 41. gxf5+ gxf5 42. h4 f4+ 43. Kf2 Kf5 44. Bc5 e4 45. Bd4 e3+ 46. Ke2 Ke4 47. Bb6 f3+ 48. Ke1 Kd3 49. Kf1 f2 0-1

[Event "Titled Tuesday intern op 07th Dec"]
[Site "Chess.com INT"]
[Date "2021.12.07"]
[Round "2"]
[White "Umarov, Sabir"]
[Black "Borsuk, Konstantin"]
[Result "0-1"]
[WhiteElo "2364"]
[BlackElo "2436"]
[PlyCount "68"]
[EventDate "2021.12.07"]
[EventType "swiss (blitz)"]
[EventRounds "11"]
[EventCountry "USA"]
[SourceTitle "CBM 205 Extra"]
[Source "ChessBase"]
[SourceDate "2022.01.31"]
[SourceVersion "1"]
[SourceVersionDate "2022.01.31"]
[SourceQuality "1"]

1. e4 e6 2. d4 d5 3. Nd2 Nf6 4. e5 Nfd7 5. Ngf3 c5 6. c3 Nc6 7. Bd3 b6 8. 0-0 cxd4 9. cxd4 Nb4 10. Be2 Ba6 11. Bxa6 Nxa6 12. a3 Be7 13. Qe2 Nc7 14. g3 0-0 15. h4 b5 16. Nb3 a5 17. Bg5 a4 18. Bxe7 Qxe7 19. Rac1 Rfc8 20. Nc5 Nb6 21. Nd2 Nc4 22. Nxc4 bxc4 23. Rc2 Nb5 24. Qe3 Nxd4 25. Qxd4 Qxc5 26. Rd1 Qxd4 27. Rxd4 Rab8 28. f4 Rb3 29. Kf2 Rcb8 30. Rdd2 h5 31. Kg2 Kh7 32. Kf2 Kg6 33. Kg2 Kf5 34. Kf2 Kg4 0-1

[Event "Titled Tuesday intern op 16th Nov"]
[Site "Chess.com INT"]
[Date "2021.11.16"]
[Round "3"]
[White "Kozak, Antoni"]
[Black "Umarov, Sabir"]
[Result "1-0"]
[WhiteElo "2356"]
[BlackElo "2364"]
[PlyCount "59"]
[EventDate "2021.11.16"]
[EventType "swiss (blitz)"]
[EventRounds "11"]
[EventCountry "USA"]
[SourceTitle "CBM 205 Extra"]
[Source "ChessBase"]
[SourceDate "2022.01.31"]
[SourceVersion "1"]
[SourceVersionDate "2022.01.31"]
[SourceQuality "1"]

1. d4 g6 2. c4 Bg7 3. Nc3 c6 4. e4 d6 5. Nf3 Bg4 6. Be3 Qb6 7. Qd2 Bxf3 8. gxf3 Nd7 9. h4 h5 10. Bh3 Ngf6 11. f4 Ng4 12. 0-0-0 Qa5 13. Rhg1 Nxe3 14. fxe3 Nb6 15. Qd3 c5 16. Nd5 Nxd5 17. exd5 cxd4 18. Kb1 dxe3 19. f5 Qb6 20. Qe2 Bf6 21. fxg6 fxg6 22. Rxg6 Kd8 23. a3 a5 24. Ka2 Kc7 25. c5 dxc5 26. d6+ Kb8 27. dxe7 a4 28. Rd3 Ka7 29. Rxe3 Rhe8 30. Qc2 1-0

[Event "Titled Tuesday intern op 16th Nov"]
[Site "Chess.com INT"]
[Date "2021.11.16"]
[Round "5"]
[White "Sysoenko, Aleksey"]
[Black "Umarov, Sabir"]
[Result "1/2-1/2"]
[WhiteElo "2302"]
[BlackElo "2364"]
[PlyCount "177"]
[EventDate "2021.11.16"]
[EventType "swiss (blitz)"]
[EventRounds "11"]
[EventCountry "USA"]
[SourceTitle "CBM 205 Extra"]
[Source "ChessBase"]
[SourceDate "2022.01.31"]
[SourceVersion "1"]
[SourceVersionDate "2022.01.31"]
[SourceQuality "1"]

1. g3 g6 2. Bg2 Bg7 3. d3 d5 4. Nc3 c6 5. e4 Nf6 6. Nge2 h5 7. Bg5 dxe4 8. dxe4 Qa5 9. h4 0-0 10. 0-0 Rd8 11. Qe1 Bg4 12. Bxf6 Bxf6 13. Nd5 Qxe1 14. Nxf6+ exf6 15. Rfxe1 Rd2 16. f3 Be6 17. Rad1 Rxd1 18. Rxd1 Na6 19. a3 Kf8 20. Nf4 Ke7 21. Kf2 Nc5 22. Ke3 a5 23. Nxe6 fxe6 24. f4 e5 25. Bh3 Rd8 26. Rxd8 Kxd8 27. f5 g5 28. g4 hxg4 29. Bxg4 gxh4 30. Bf3 Ke7 31. Kf2 Na4 32. b4 axb4 33. axb4 Nc3 34. Kg2 Na2 35. b5 cxb5 36. Kh3 b4 37. Kxh4 Nc1 38. Bd1 Kd6 39. Kh5 Na2 40. Kg6 Ke7 41. Kg7 Nc3 42. Bf3 b6 43. Kg6 Nb5 44. Kg7 Nd4 45. Bd1 b5 46. Kg6 Nc6 47. Kg7 Na5 48. Kg6 Nc4 49. Be2 Ne3 50. Bd3 Nc4 51. Kg7 Na3 52. Kg6 Nc4 53. Kg7 Ne3 54. Kg6 b3 55. cxb3 b4 56. Kg7 Nd1 57. Kg6 Nc3 58. Kg7 Na2 59. Kg6 Nc1 60. Bc4 Na2 61. Kg7 Nc3 62. Kg6 Nd1 63. Kh5 Nf2 64. Bd5 Nd3 65. Kg4 Kd6 66. Kf3 Kc5 67. Ke3 Ne1 68. Ke2 Ng2 69. Kf3 Nf4 70. Ke3 Ng2+ 71. Kd3 Nf4+ 72. Ke3 Ng2+ 73. Kd3 Ne1+ 74. Ke2 Nc2 75. Kd3 Nd4 76. Bc4 Nf3 77. Ke3 Ne1 78. Ke2 Ng2 79. Kf3 Nf4 80. Ke3 Ng2+ 81. Kf3 Nf4 82. Ke3 Kd6 83. Kf3 Kc6 84. Ke3 Kc5 85. Bf7 Ng2+ 86. Kf2 Nf4 87. Ke3 Ng2+ 88. Kf2 Nf4 89. Ke3 1/2-1/2

[Event "Titled Tuesday intern op 16th Nov"]
[Site "Chess.com INT"]
[Date "2021.11.16"]
[Round "1"]
[White "Umarov, Sabir"]
[Black "Krivonosov, Oleg"]
[Result "1/2-1/2"]
[WhiteElo "2364"]
[BlackElo "2362"]
[PlyCount "67"]
[EventDate "2021.11.16"]
[EventType "swiss (blitz)"]
[EventRounds "11"]
[EventCountry "USA"]
[SourceTitle "CBM 205 Extra"]
[Source "ChessBase"]
[SourceDate "2022.01.31"]
[SourceVersion "1"]
[SourceVersionDate "2022.01.31"]
[SourceQuality "1"]

1. e4 e5 2. Nf3 Nc6 3. Bc4 Bc5 4. b4 Bb6 5. 0-0 d6 6. Bb2 Nf6 7. d4 0-0 8. b5 Nxd4 9. Nxd4 exd4 10. Re1 Be6 11. Bxe6 fxe6 12. Bxd4 e5 13. Bxb6 axb6 14. Nc3 Qd7 15. f3 Qf7 16. Qd3 h6 17. a4 Nh5 18. Nd5 Kh8 19. Qc3 Rfc8 20. a5 Rxa5 21. Rxa5 bxa5 22. Qxa5 Nf6 23. c4 Nxd5 24. cxd5 Qf4 25. Qc3 b6 26. Ra1 Qg5 27. Ra7 Qd8 28. Qc6 Kg8 29. h3 Kh8 30. Kh2 Kg8 31. Kh1 Kh8 32. Kh2 Kg8 33. Kh1 Kh8 34. Kh2 1/2-1/2

[Event "Titled Tuesday intern op 16th Nov"]
[Site "Chess.com INT"]
[Date "2021.11.16"]
[Round "4"]
[White "Umarov, Sabir"]
[Black "Ratnesan, Ranesh"]
[Result "1/2-1/2"]
[WhiteElo "2364"]
[BlackElo "2258"]
[PlyCount "116"]
[EventDate "2021.11.16"]
[EventType "swiss (blitz)"]
[EventRounds "11"]
[EventCountry "USA"]
[SourceTitle "CBM 205 Extra"]
[Source "ChessBase"]
[SourceDate "2022.01.31"]
[SourceVersion "1"]
[SourceVersionDate "2022.01.31"]
[SourceQuality "1"]

1. e4 c5 2. Nc3 Nc6 3. g3 g6 4. Bg2 Bg7 5. Nge2 e6 6. d3 Nge7 7. Be3 b6 8. 0-0 Bb7 9. Qd2 0-0 10. Bh6 d5 11. Bxg7 Kxg7 12. f4 dxe4 13. Nxe4 Nd4 14. Rae1 Qd7 15. Kh1 Rad8 16. b3 h5 17. Ng1 Nef5 18. Nh3 Bd5 19. Nhg5 Ba8 20. Qc3 Rfe8 21. a4 a5 22. Rf2 f6 23. Nf3 Qf7 24. Qd2 Nxf3 25. Bxf3 Nd4 26. Bg2 Re7 27. Kg1 Red7 28. Ref1 Re7 29. Qe3 Nf5 30. Qe1 Bd5 31. Nc3 Bxg2 32. Rxg2 Nd4 33. Ne2 e5 34. Nxd4 exd4 35. Re2 Rde8 36. Rff2 Kf8 37. Kf1 Re6 38. Qd2 R8e7 39. h4 f5 40. Rxe6 Qxe6 41. Re2 Qxe2+ 42. Qxe2 Rxe2 43. Kxe2 Ke7 44. Kf3 Kd6 45. Ke2 Kd5 46. Kd2 Kc6 47. Kc1 Kd5 48. Kb2 Kd6 49. Kc1 Kd5 50. Kb2 Ke6 51. c4 dxc3+ 52. Kxc3 Kd5 53. Kc2 Kd4 54. Kd2 Kd5 55. Kc2 Kd4 56. Kd2 Kd5 57. Ke3 Ke6 58. Kd2 Kd5 1/2-1/2